000 01039nam a2200277 a 4500
001 000028483
003 OSt
005 20201210135201.0
008 110408s2010 dr ab 000 0 spa d
020 _a9789945424492
040 _aDO-SdBNP
_bspa
_cBNPHU
049 _a
082 4 _a613.96
_bP349k
_222
100 1 _aPeña, Dennis
_955432
_d1953-
245 1 0 _aKama sutra dominicano :
_bconozca los puntos eróticos más importantes y la sexualidad del dominicano /
_cDennis Peña.
260 _aSanto Domingo :
_bASODOLIBRO,
_c[2010?].
300 _a99 p. :
_bil., fots. ;
_c22 cm.
500 _aEdición especial para la XIII Feria Internacional del Libro dedicada a México y a Freddy Gatón Arce
500 _aIncluye datos biográficos del autor (p. 2)
504 _aBibliografía : p. 99
590 _aInventariado, 2020/VM
650 4 _aRelaciones sexuales .
_z
_977490
710 2 _aAsociación Dominicana de Libreros y Fines Incorporada
_977493
910 _aVMateo/Validado. Control de calidad MFF
942 _2ddc
_cLBS1
999 _c27975
_d27975